000 006730000a22001810004500
003 MACL
005 20160513164742.0
008 160513b xxu||||| |||| 00| 0 eng d
040 _aMACL
_cMACL
041 _aHindi
082 _a800 PRE
100 _aपाण्‍डेय, रत्‍नाकर
_954792
245 _aहिन्‍दी पत्रकारिता
_bप्रेमचंद और हंस
_cरत्‍नाकर पाण्‍डेय
260 _bयूनिवर्सिटी पब्लिकेशन
_c2006
_aनई दिल्‍ली
350 _a900
650 _aLiterature
_956908
942 _cHIN
_k800/PAN
_2ddc
999 _c42027
_d42027